Guess the Language based on its Script - Statistics

General Stats
  • This quiz has been taken 1,138 times
  • The average score is 12 of 17
Answer Stats
Script Answer % Correct
普通话 Mandarin
97%
ру́сский язы́к Russian
97%
العَرَبِية Arabic
95%
한국어 Korean
94%
日本語 Japanese
92%
tiếng Việt Vietnamese
91%
עברית Hebrew
87%
ελληνικά Greek
86%
ภาษาไทย Thai
85%
মারাতন না গলাসা Bengali
69%
اُردُو Urdu
66%
հայերէն Armenian
57%
ភាសាខ្មែរ Khmer
52%
አቡጊዳ Amharic
45%
ལྷ་སའི་སྐད་ Tibetan
44%
తెలుగు Telugu
38%
ગુજરાતી Gujarati
37%
No matching quizzes found
Score Distribution
Percent of People with Each Score
Percentile by Number Answered
Your Score History
You have not taken this quiz